Obstetrics and gynaecology (رقم التسجيلة. 24239)
[ عرض عادي ]
| 000 -الفاتح | |
|---|---|
| حقل البيانات ثابتة الطول | 00930nam a22002777a 4500 |
| 003 - محدد رقم الضبط | |
| رقم الضبط | OSt |
| 005 - وقت وتاريخ اخر تعامل مع التسجيلة | |
| رقم الضبط | 20150408114046.0 |
| 008 - عناصر البيانات ثابتة الطول - معلومات عامة | |
| حقل البيانات ثابتة الطول | 120623s2005 stka f |||| 00| 0 eng d |
| 020 ## - الرقم الدولى المعيارى للكتب | |
| الرقم الدولى المعيارى للكتاب | 9780443101496 |
| 020 ## - الرقم الدولى المعيارى للكتب | |
| الرقم الدولى المعيارى للكتاب | 0443101493 |
| 040 ## - مصدر الفهرسة | |
| وكالة النسخ | MU |
| 082 04 - رقم تصنيف ديوى العشرى | |
| رقم الطبعة | 21 |
| رقم التصنيف | 618 |
| رقم المادة | M B O |
| 100 1# - المدخل الرئيسى - إسم شخصى | |
| الإسم الشخصى | Magowan, Brian. |
| 9 (RLIN) | 15878 |
| 245 10 - بيان العنوان | |
| العنوان | Obstetrics and gynaecology |
| بيان المسئوليه,etc | Brian Magowan. |
| 250 ## - بيان الطبعة | |
| بيان الطبعة | 3rd ed. |
| 260 ## - PUBLICATION, DISTRIBUTION, ETC. (IMPRINT) | |
| مكان الناشر او الموزع | Edinburgh ; |
| -- | New York : |
| اسم الناشر او الموزع | Elsevier Churchill Livingstone, |
| تاريخ النشر أو التوزيع | 2005. |
| 300 ## - الوصف المادى | |
| التعداد | [xvi], 359 p. : |
| تفاصيل ماديه اخرى للوعاء | ill. ; |
| أبعاد الوعاء | 19 cm. |
| 490 ## - بيان السلسلة | |
| عنوان السلسلة | Churchill's pocketbooks |
| 500 ## - تبصرة عامة | |
| تبصرة عامة | Includes index. |
| 500 ## - تبصرة عامة | |
| تبصرة عامة | Rev. ed. of: Churchill's pocketbook of obstetrics and gynaecology. 2000. |
| 650 #4 - المدخل الاضافى بالموضوع-مصطلح موضوعى | |
| مصطلح موضوعي أو اسم جغرافي كعنصر مدخل | Gynecology |
| التقسيم الفرعي الشكلي | Handbooks, manuals, etc. |
| 9 (RLIN) | 16194 |
| 650 #4 - المدخل الاضافى بالموضوع-مصطلح موضوعى | |
| مصطلح موضوعي أو اسم جغرافي كعنصر مدخل | Obstetrics |
| التقسيم الفرعي الشكلي | Handbooks, manuals, etc. |
| 9 (RLIN) | 16195 |
| 700 1# - المدخل الاضافى - اسم شخصى | |
| الإسم الشخصى | Magowan, Brian. |
| 9 (RLIN) | 16193 |
| 740 02 - المدخل الاضافى - عنوان مرتبط/تحليلى غير مقيد | |
| العنوان التحليلي/ الرابط غير مقيد | Churchill's pocketbooks of obstetrics and gynaecology |
| 942 ## - عناصر المدخل الإضافي( كوها) | |
| مصدر التصنيف او مخطط الترفيف | Dewey Decimal Classification |
| Koha [default] item type | DVD |
| حالة الفقد | نموذج السعر الفعال | حالة تلف | ليس للاعارة | رقم الطلب | رقم النسخة | تاريخ الاكتساب | الموقع الحالي | الباركود | الفرع الرئيسي | Date last checked out | Date last seen | نوع المادة فى نظام كوها | مصدر التصنيف او خطة الترفيف | Total Checkouts | Total Renewals |
|---|---|---|---|---|---|---|---|---|---|---|---|---|---|---|---|
| 2013-03-10 | 618 M B O | c.1 | 2012-06-23 | المكتبة المركزية بالمجمعة (CL) | 00109776 | المكتبة المركزية بالمجمعة (CL) | 2017-04-09 | 2017-05-18 | كتاب | Dewey Decimal Classification | 2 | ||||
| 2013-03-10 | 618 M B O | c.2 | 2012-06-23 | المكتبة المركزية بالمجمعة (CL) | 00109777 | المكتبة المركزية بالمجمعة (CL) | 2017-04-09 | 2017-09-21 | كتاب | Dewey Decimal Classification | 3 | 1 | |||
| 2013-03-10 | 618 M B O | c.3 | 2012-06-23 | المكتبة المركزية بالمجمعة (CL) | 00109778 | المكتبة المركزية بالمجمعة (CL) | 2017-04-09 | 2018-02-07 | كتاب | Dewey Decimal Classification | 1 |
